Principles of Economics (Record no. 33743)

MARC details
000 -LEADER
fixed length control field 00430nam a22001817a 4500
005 - DATE AND TIME OF LATEST TRANSACTION
control field 20231005122851.0
008 - FIXED-LENGTH DATA ELEMENTS--GENERAL INFORMATION
fixed length control field 230928b |||||||| |||| 00| 0 eng d
020 ## - INTERNATIONAL STANDARD BOOK NUMBER
ISBN 0072289627
082 ## - DEWEY DECIMAL CLASSIFICATION NUMBER
Classification number 330
Item number FRA
100 ## - MAIN ENTRY--AUTHOR
Author Name Frank,Robert H
245 ## - TITLE STATEMENT
Title Principles of Economics
260 ## - PUBLICATION, DISTRIBUTION, ETC.
Place of Publication Singapore
Name of publisher, distributor, etc. McGrw-Hill
Date of publication, distribution, etc. 2001
300 ## - PHYSICAL DESCRIPTION
Pages 834
500 ## - GENERAL NOTE
General note Include Index
650 ## - SUBJECT ADDED ENTRY--TOPICAL TERM
Subject / Department Economics
700 ## - ADDED ENTRY--PERSONAL NAME
Personal name Robert H Frank

No items available.

Powered by Koha